000 00749nam a2200265 a 4500
003 AR-BaBNM
005 20251128203600.0
008 082120s2002 ||||||||||||||000 | spa||
040 _cAR-BaBNM
100 1 _aRoche, André J.
245 0 0 _aEl estudio de las lenguas modernas
250 _a3ª ed.
260 _aBarcelona
_bLuis Miracle
_c1968
300 _a129 p.
490 0 _aPaideia: Biblioteca práctica de pedagogía, psicología y psicopatología infantil
650 4 _aENSEÑANZA DE SEGUNDA LENGUA
650 4 _aGRAMATICA
650 4 _aVOCABULARIO
650 4 _aENSEÑANZA DE LENGUAS MODERNAS
650 4 _aBILINGÜISMO
650 4 _aMULTILINGÜISMO
700 1 _aMeseger, Ramón
_etraductor
942 _cBK
998 _cisola
999 _c4002
_d4002